• 首页
  • 本馆介绍
  • 公告通知
  • 最新文献
  • 馆藏检索
  • 电子资源
  • 读者导购
  • 参考咨询
  • 我的图书馆
  • 登录
  • 详细信息显示
  • 放入我的书架
  • 预约/预借图书
  • 作者相关作品
  • 分类相关作品
  • 丛书相关作品
  • 出版社相关作品

书目信息

  • 表格格式
  • 工作单格式
  • 卡片格式
题名:
纳粹元帅沉浮记
    
 
作者: 莫勒 , Moll 编 ;文川 编译
分册:  
出版信息: 北京   军事译文出版社  1984
页数: 130页
开本: 19cm
丛书名: 外国军事知识丛书
单 册:
中图分类: K835.165.2
科图分类:
主题词: 历史 , 地理
电子资源:
ISBN:
000 00892nam2 2200325 45
001 0184002069
005 20040512103342.9
010    @dCNY0.51
091    @a5319.25
100    @a19950425d1984 em y0chiy0121 ea
101 1  @achi@cger
102    @aCN@b110000
105    @ay z 000yb
106    @ar
200 10 @a纳粹元帅沉浮记@Ana cui yuan shuan chen fu ji@f(西德)莫勒(O.E.Moll)编@g文川编译
210    @a北京@c军事译文出版社@d1984
215    @a130页@d19cm
225 2  @a外国军事知识丛书@v2
300    @a书名原文:Die Deutschen
410  0 @120010@a外国军事知识丛书
510 1  @aDie Deutschen@zger
606 0  @a历史
606 0  @a地理
690    @aK835.165.2
701  1 @a莫勒@Amo le@bO.E.@4编
701 A1 @aMoll@bO.E.@4编
702  0 @a文川@Awen chuan@4编译
801  0 @aCN@b上海图书馆@c20040512
801  2 @aCN@bNLC@c20040512
905    @f2@b121654-655@dK835.165.2@e85
    
    纳粹元帅沉浮记/(西德)莫勒(O.E.Moll)编/文川编译.-北京:军事译文出版社,1984
    130页;19cm.-(外国军事知识丛书;2)
    书名原文:Die Deutschen
    
    ISBN :CNY0.51
    
●
相关链接 在E读中查询图书 在五车中查询图书 在当当中查询图书 在豆瓣中查询图书


正题名:纳粹元帅沉浮记     索取号:K835.165.2/85         预约/预借

序号 登录号 条形码 馆藏地/架位号 状态 备注
1 0121654   001540817   密集书库/ [索取号:K835.165.2/85] 在馆    
2 0121655   001540880   密集书库/ [索取号:K835.165.2/85] 在馆    
3 0121656   001540844   第二样本阅览室/ [索取号:K835.165.2/85] 在馆    
唐山师范学院图书馆 欢迎您!
大连网信软件有限公司© 版权所有